| 000 | 00000nam##2200000za#4500 |
| 001 | 9.644269 |
| 003 | CaOODSP |
| 005 | 20250611103613 |
| 007 | cr ||||||||||| |
| 008 | 150407|1996||||xxc|||||o f|0| 0 fre|d |
| 040 | |aCaOODSP|bfre |
| 043 | |an-cn--- |
| 086 | 1 |aA22-164/1996F-PDF |
| 110 | 1 |aCanada. |bAgriculture et agroalimentaire Canada. |
| 245 | 10|aLes sciences et la technologie à l'aube du XXe siècle : |h[ressource électronique]|bplan d'action d'Agriculture et Agroalimentaire Canada |
| 260 | |aOttawa - Ontario : |bAgriculture et Agroalimentaire Canada |c1996. |
| 300 | |a20p.|bgraphique |
| 500 | |aPublication historique numérisée par Agriculture et Agroalimentaire Canada. |
| 590 | |a15-03-Supp|b2015-03-13 |
| 691 | 07|aPolitique agricole|2gcpds |
| 775 | 08|tScience and technology for the new century : |w(CaOODSP)9.700372 |
| 776 | 0#|tScience and technology for the new century : |w(CaOODSP)9.658403 |
| 776 | 0#|tLes sciences et la technologie à l'aube du XXe siècle : |w(CaOODSP)9.658404 |
| 856 | 40|ahttp://publications.gc.ca|qPDF|s904 Ko|uhttps://publications.gc.ca/collections/collection_2015/aac-aafc/A22-164-1996-fra.pdf |
| 986 | |aPublication 1919/B |